Adhunika Europina itihasa (1789-1945) (Record no. 103818)
[ view plain ]
| 000 -LEADER | |
|---|---|
| fixed length control field | 00784nam a2200229Ia 4500 |
| 003 - CONTROL NUMBER IDENTIFIER | |
| control field | OSt |
| 005 - DATE AND TIME OF LATEST TRANSACTION | |
| control field | 20240418104205.0 |
| 008 - FIXED-LENGTH DATA ELEMENTS--GENERAL INFORMATION | |
| fixed length control field | 210210b2001 xxu||||| |||| 00| 0 eng d |
| 040 ## - CATALOGING SOURCE | |
| Original cataloging agency | |
| Transcribing agency | |
| 041 ## - LANGUAGE CODE | |
| Language code of text/sound track or separate title | Kannada |
| 082 ## - DEWEY DECIMAL CLASSIFICATION NUMBER | |
| Classification number | 940.27K GILA |
| 100 ## - MAIN ENTRY--PERSONAL NAME | |
| Personal name | GILBART SIKVERA |
| 9 (RLIN) | 17379 |
| Dates associated with a name | ಗಿಲ್ಬರ್ಟ್ ಸಿಕ್ವೇರಾ |
| 110 ## - MAIN ENTRY--CORPORATE NAME | |
| Corporate name or jurisdiction name as entry element | STIVAN KVADRAS |
| 9 (RLIN) | 157425 |
| Subordinate unit | ಸ್ಟೀವನ್ ಕ್ವಾಡ್ರಸ್ |
| 245 ## - TITLE STATEMENT | |
| Title | Adhunika Europina itihasa (1789-1945) |
| Remainder of title | ಆಧುನಿಕ ಯೂರೋಪಿನ ಇತಿಹಾಸ (1789-1945) |
| 260 ## - PUBLICATION, DISTRIBUTION, ETC. | |
| Place of publication, distribution, etc. | Mangaluru |
| Name of publisher, distributor, etc. | G G Publications |
| Date of publication, distribution, etc. | 2001 |
| 300 ## - PHYSICAL DESCRIPTION | |
| Extent | iv,403 |
| 650 ## - SUBJECT ADDED ENTRY--TOPICAL TERM | |
| Form subdivision | Gilbert Sequeira |
| 9 (RLIN) | 161305 |
| 650 ## - SUBJECT ADDED ENTRY--TOPICAL TERM | |
| Topical term or geographic name entry element | Steevan Quadrus |
| 9 (RLIN) | 161306 |
| 690 ## - LOCAL SUBJECT ADDED ENTRY--TOPICAL TERM (OCLC, RLIN) | |
| Topical term or geographic name as entry element | European History |
| 9 (RLIN) | 17381 |
| 906 ## - LOCAL DATA ELEMENT F, LDF (RLIN) | |
| a | 056507 |
| 942 ## - ADDED ENTRY ELEMENTS (KOHA) | |
| Source of classification or shelving scheme | Dewey Decimal Classification |
| Koha item type | Book |
| Withdrawn status | Lost status | Damaged status | Not for loan | Collection code | Home library | Current library | Shelving location | Date acquired | Source of acquisition | Cost, normal purchase price | Total Checkouts | Full call number | Barcode | Date last seen | Price effective from | Koha item type | Source of classification or shelving scheme |
|---|---|---|---|---|---|---|---|---|---|---|---|---|---|---|---|---|---|
| St Aloysius Library | St Aloysius Library | 02/17/2021 | Je Je Publications,Mangalore | 120.00 | 940.27K GILA | 056507 | 02/17/2021 | 02/17/2021 | Book | ||||||||
| Reference Book | History | St Aloysius Library | St Aloysius Library | 02/17/2021 | Je Je Publications,Mangalore | 120.00 | 940.27K GILA | 056511 | 02/17/2021 | 02/17/2021 | Book | Dewey Decimal Classification | |||||
| St Aloysius Library | St Aloysius Library | 02/17/2021 | Je Je Publications,Mangalore | 120.00 | 940.27K GILA | 056510 | 02/17/2021 | 02/17/2021 | Book | ||||||||
| St Aloysius Library | St Aloysius Library | 02/17/2021 | Je Je Publications,Mangalore | 120.00 | 940.27K GILA | 056508 | 02/17/2021 | 02/17/2021 | Book | ||||||||
| St Aloysius Library | St Aloysius Library | 02/17/2021 | Je Je Publications,Mangalore | 120.00 | 940.27K GILA | 056509 | 02/17/2021 | 02/17/2021 | Book | ||||||||
| St Aloysius Library | St Aloysius Library | 02/17/2021 | J J Publications, Attavar, Mangalore. | 120.00 | 940.27K GILA | 057554 | 02/17/2021 | 02/17/2021 | Book | ||||||||
| St Aloysius Library | St Aloysius Library | 02/17/2021 | J J Publications, Attavar, Mangalore. | 120.00 | 940.27K GILA | 057555 | 02/17/2021 | 02/17/2021 | Book | ||||||||
| St Aloysius Library | St Aloysius Library | 02/17/2021 | J J Publications, Attavar, Mangalore. | 120.00 | 940.27K GILA | 057553 | 02/17/2021 | 02/17/2021 | Book |